1135 1529 1681 1184 1473 1827 1974 1968 1678 1553 1634 1825 1194 1948 1663 1018 1602 1847 1494 1339 1745 1456 1013 1030 1448 1573 1149 1418 1691 1357 1962 1152 1925 1847 1029 1385 1352 1493 1266 1057 1107 1796 1028 1601 1579 1073 1334 1104 1223 1677 1137 1027 1904 1855 1044 1884 1542 1408 1894 1289 1967 1013 1588 1560 1068 1064 1298 1694 1612 1372 1460 1808 1936 1572 1223 1301 1223 1491 1432 1622 1286 1705 1778 1788 1948 1045 1416 1409 1068 1179 1842 1481 1795 1876 1021 1726 1183 1894 1830 BCNSPRNW ULIB Ver.6.0+V

เปลี่ยนเป็นภาษาไทย

Change to English
 แสดงรายละเอียดบรรณานุกรม
  กลับหน้าหลัก

Brief Record : Get Marc (ISO 2709) : E-mail record : QR code < ปิดหน้าต่าง
LEADER : 00000nam 2200000uu 4500
001    13399128348
003     ULIB
008    230620s2564||||th 000 0 tha d
020    ^a9786164436077(ล.2)
060 04 ^aWS200^bส855ต^cล.2
245 00 ^aตำรากุมารเวชศาสตร์ศิริราช :^bภาวะทางคลินิกที่สำคัญ เล่ม 2 /^cสุรชัย ลิขสิทธิ์วัฒนกุล ... [และคนอื่นๆ]
250    ^aพิมพ์ครั้งที่ 1
260    ^aกรุงเทพฯ :^bภาควิชากุมารเวชศาสตร์ คณะแพทยศาสตร์ศิริราชพยาบาลมหาวิทยาลัยมหิดล,^c2564
300    ^axvii, 859หน้า :^bภาพประกอบ ;^c24 ซม.
505 0  ^aGastroenterology -- Cheonatal Cholestasis (ภาวะน้ำดีคั่งในทารกแรกเกิด) -- Cholestatic Liver Diseases in Children (โรคตับชนิดที่มีน้ำดีคั่งในเด็ก) -- Gastrointestinal Hemorrhage (ภาวะเลือดออกจากทางเดินอาหาร) -- Chronic Abdominal Pain (ปวดท้องเรื้อรัง) -- Chronic Diarrhea (อุจจาระร่วงเรื้อรัง) -- Gastroesophageal Reflux Disease (ภาวะกรดไหลย้อน) -- Genetics -- Cytogenetics and Chromosomal Disorders.(เซลล์พันธุศาสตร์และโรคพันธุกรรมที่เกิดจากโครโมโชมผิดปกติ) -- Single-Gene Disorders (โรคยีนเดี่ยว) -- Birth Defects (ความผิดปกติแต่กำเนิด) -- Inborn Error of Metabolism (โรคพันธุกรรมเมตาบอลิก) -- Genetic Counseling (การให้คำปรึกษาแนะนำทางพันธุศาสตร์) -- Growth/Development -- Enuresis and Encopresis (ปัสสาวะรดและอุจจาระรด) -- Cerebral Palsy (ภาวะสมองพิการ) -- Intellectual Disability (ภาวะบกพร่องทางสติปัญญา) -- ematology/Oncology -- Thalassemia and Hemoglobinopathy (โรคโลหิตจางธาลัสซีเมีย) -- Bone Marrow Failure (โรคไขกระดูกฝ่อ) -- Hemophilia (ฮีโมฟีเลีย)-- Immune Thrombocytopenia -- Thrombosis (ภาวะลิ่มเลือดอุดตัน) -- Emergency in Pediatric Oncology (ภาวะฉุกเฉินทางมะเร็งวิทยาในเด็ก) -- Leukemia (มะเร็งเม็ดเลือดขาว) -- Childhood Lymphoma (มะเร็งต่อมน้ำเหลืองในเด็ก) -- Solid Tumor (มะเร็งชนิดเป็นก้อน) -- Practical Points in Transfusion (เวชปฏิบัติทั่วไปในการให้เลือดและส่วนประกอบของเลือด) -- Infectious diseases -- Congenital infections (โรคติดเชื้อแต่กำเนิด) -- Dengue Hemorrhagic Fever (ไข้เลือดออกเดงกี) -- Pulmonary Tuberculosis (วัณโรคปอด) -- HIV/AIDS (โรคติดเชื้อเอชไอวีในเด็กและวัยรุ่น) -- Vaccine Preventable Diseases (โรคที่ป้องกันได้ด้วยวัคซีน) -- Salmonella Infection (โรคติดเชื้อซัลโมเนลล่า) -- Tropical Infectious Diseases (โรคติดเชื้อเขตร้อน) -- Neonatology -- Care of Premature Infants (การดูแลทารกเกิดก่อนกำหนด) -- Perinatal Asphyxia (ภาวะขาดออกซิเจนปริกำเนิด) -- Birth Injuries (การบาดเจ็บระหว่างการคลอด) -- Common Neonatal Respiratory Disorders (ความผิดปกติของระบบหายใจที่พบบ่อยในทารกแรกเกิด) -- Significant Pulmonary Complications in the Newborn (ภาวะแทรกซ้อนที่สำคัญของระบบหายใจในทารกแรกเกิด) -- Neonatal Infections (ภาวะติดเชื้อในทารกแรกเกิด) -- Intracranial Hemorrhage in Neonates (ภาวะเลือดออกในกะโหลกศีรษะในทารกแรกเกิด) Noninvasive Ventilation Support in Neonates (การช่วยหายใจแบบไม่รุกรานสำหรับทารกแรกเกิด) vasive Mechanical Ventilation in Neonates (การใช้เครื่องช่วยหายใจในทารกแรกเกิด) -- Common Surgical Problems in Newborn (ปัญหาทางศัลยกรรมที่พบบ่อยในทารกแรกเกิด)
650  4 ^aกุมารเวชศาสตร์
650  4 ^aเด็ก^xโรค
653    ^aผลงานอาจารย์คณะแพทยศาสตร์ศิริราชพยาบาล
700 0  ^aสุรชัย ลิขสิทธิ์วัฒนกุล
700 0  ^aวิฐารณ บุญสิทธิ
700 0  ^aวาณี วิสุทธิ์เสรีวงศ์
700 0  ^aรัตนาวลัย นิติยารมย์
700 0  ^aอัจฉรา สัมบุณณานนท์
710 2  ^aมหาวิทยาลัยมหิดล.^bคณะแพทยศาสตร์ศิริราชพยาบาล.^bภาควิชากุมารเวชศาสตร์
945    ^p2000^l0^i009723
945    ^p2000^l0^i009724
945    ^p2000^l0^i009725
999    ^aประนอม เกษจรัล
รายการนี้ยังไม่มีแท็ก
คุณยังไม่ได้ล็อกอิน คุณสามารถมีกิจกรรมร่วมกับเว็บไซต์ได้ แต่ต้องล็อกอินก่อน ::
  ล็อกอิน

รายการสื่อสารสนเทศ

ลำดับที่ ประเภท เลขเรียก/บาร์โค้ด สถานที่ สถานะ
1. วิทยาศาสตร์การแพทย์ และสุขภาพ
หนังสือสำรอง
สถานะ=หนังสือสำรอง
WS200 ส855ต ล.2 ฉ.1 
  Barcode: 009723
ห้องสมุดวิทยาเขตสวรรค์ประชารักษ์
►หนังสือทั่วไป
บนชั้น
2. วิทยาศาสตร์การแพทย์ และสุขภาพ
วิทยาศาสตร์การแพทย์ และสุขภาพ
WS200 ส855ต ล.2 ฉ.2 
  Barcode: 009724
ห้องสมุดวิทยาเขตสวรรค์ประชารักษ์
►หนังสือทั่วไป
บนชั้น
3. วิทยาศาสตร์การแพทย์ และสุขภาพ
วิทยาศาสตร์การแพทย์ และสุขภาพ
WS200 ส855ต ล.2 ฉ.3 
  Barcode: 009725
ห้องสมุดวิทยาเขตสวรรค์ประชารักษ์
►หนังสือทั่วไป
บนชั้น

รายการใกล้เคียง
    หัวเรื่อง [กุมารเวชศาสตร์]

BibComment


ยังไม่เคยถูกคอมเมนท์

คอมเมนท์ทรัพยากรรายการนี้
  คอมเมนท์: ตำรากุมารเวชศาสต..


 Copyright 2026. Bcnsprnw @Library